[Event "DVM U12 2020"]
[Site "Magdeburg GER"]
[Date "2021.08.07"]
[Round "5"]
[White "Detjen, Mattes"]
[Black "Puchas, Henrik"]
[Result "0-1"]
[Termination "normal"]
[Board "9.1"]
[WhiteElo "1162"]
[BlackElo "1539"]
[WhiteClock "01:12:01"]
[BlackClock "00:50:16"]
[WhiteTeam "SV Werder Bremen"]
[BlackTeam "SV Vimbuch"]
[PlyCount "46"]
[WhiteFideId "16235690"]
[BlackFideId "16257995"]
[EventCountry "GER"]
[EventRounds "7"]
[EventType "team-swiss"]
[EventDate "2021.08.04"]

1. e4 {[%clk 01:30:40]} e5 {[%clk 01:30:51]} 2. Nf3 {[%clk 01:30:32]} {[%emt
00:00:04]} Nc6 {[%clk 01:31:08]} {[%emt 00:01:02]} 3. d4 {[%clk 01:30:30]} exd4
{[%clk 01:31:17]} 4. Nxd4 {[%clk 01:30:28]} {[%emt 00:00:29]} Bc5 {[%clk
01:31:19]} {[%emt 00:01:02]} 5. Be3 {[%clk 01:30:51]} Bb6 {[%clk 01:31:39]} 6.
g3 {[%clk 01:28:44]} {[%emt 00:02:24]} Nf6 {[%emt 00:06:48]} 7. Bg2 {[%clk
01:28:04]} Qe7 {[%clk 01:25:52]} {[%emt 00:01:07]} 8. Nc3 {[%clk 01:26:02]}
{[%emt 00:20:21]} d6 {[%clk 01:17:55]} 9. Nxc6 {[%clk 01:22:06]} bxc6 {[%clk
01:17:46]} 10. e5 {[%clk 01:22:14]} Nd7 {[%clk 01:16:29]} 11. Bxc6 {[%clk
01:21:28]} Rb8 {[%clk 01:16:04]} {[%emt 00:00:04]} 12. exd6 {[%clk 01:20:33]}
{[%emt 00:03:53]} cxd6 {[%clk 01:14:04]} 13. Nd5 {[%clk 01:18:49]} {[%emt
00:02:23]} Qe5 {[%clk 01:13:54]} {[%emt 00:02:11]} 14. Nxb6 {[%clk 01:18:07]}
Rxb6 {[%clk 01:14:13]} 15. Bxd7+ {[%clk 01:18:03]} {[%emt 00:00:41]} Bxd7
{[%clk 01:10:21]} {[%emt 00:23:36]} 16. Qd4 {[%clk 01:18:13]} Rxb2 {[%clk
01:06:13]} 17. Qxe5+ {[%clk 01:15:39]} dxe5 {[%clk 01:06:09]} 18. c3 {[%clk
01:13:09]} O-O {[%clk 00:54:37]} {[%emt 00:07:45]} 19. O-O-O {[%clk 01:12:15]}
Rxa2 {[%clk 00:49:50]} {[%emt 00:03:15]} 20. Kb1 {[%clk 01:12:32]} Be6 {[%clk
00:50:16]} {[%emt 00:00:10]} 21. Rd2 {[%clk 01:12:11]} {[%emt 00:00:38]} Rb8+
{[%clk 00:49:54]} {[%emt 00:01:53]} 22. Kc1 {[%clk 01:11:41]} Ra1+ {[%clk
00:50:16]} {[%emt 00:00:56]} 23. Kc2 {[%clk 01:12:01]} Bf5+ {[%emt 00:01:10]}
0-1

[Event "DVM U12 2020"]
[Site "Magdeburg GER"]
[Date "2021.08.07"]
[Round "5"]
[White "Feuerer, Dominik"]
[Black "Völpel, Alexander"]
[Result "1-0"]
[Termination "normal"]
[Board "9.2"]
[WhiteElo "926"]
[BlackElo "1008"]
[WhiteClock "01:22:46"]
[BlackClock "01:12:33"]
[WhiteTeam "SV Vimbuch"]
[BlackTeam "SV Werder Bremen"]
[PlyCount "81"]
[WhiteFideId "34608311"]
[BlackFideId "34603131"]
[EventCountry "GER"]
[EventRounds "7"]
[EventType "team-swiss"]
[EventDate "2021.08.04"]

1. e4 {[%clk 01:30:58]} {[%emt 00:00:03]} e5 {[%clk 01:30:56]} {[%emt
00:00:35]} 2. Nf3 {[%clk 01:31:24]} Nc6 {[%clk 01:31:18]} 3. d4 {[%clk
01:31:46]} exd4 {[%clk 01:31:38]} 4. Bc4 {[%clk 01:32:06]} {[%emt 00:00:11]} h6
{[%clk 01:31:37]} 5. c3 {[%clk 01:32:21]} {[%emt 00:00:51]} dxc3 {[%emt
00:00:39]} 6. Nxc3 {[%clk 01:32:20]} Bc5 {[%clk 01:32:04]} {[%emt 00:01:36]} 7.
O-O {[%clk 01:32:06]} a6 {[%clk 01:31:13]} {[%emt 00:00:45]} 8. Bf4 {[%clk
01:32:06]} {[%emt 00:01:29]} d6 {[%clk 01:31:24]} 9. Qe2 {[%clk 01:31:57]} Nge7
{[%clk 01:30:20]} {[%emt 00:01:32]} 10. Rad1 {[%clk 01:32:06]} {[%emt
00:00:31]} O-O {[%clk 01:29:07]} {[%emt 00:01:47]} 11. e5 {[%clk 01:31:24]}
{[%emt 00:02:30]} Be6 {[%clk 01:28:33]} 12. Bb3 {[%clk 01:31:27]} {[%emt
00:00:06]} Qd7 {[%clk 01:28:37]} {[%emt 00:00:43]} 13. Ne4 {[%clk 01:30:36]}
{[%emt 00:01:56]} Rad8 {[%clk 01:28:39]} 14. Nxc5 {[%clk 01:30:44]} Qc8 {[%clk
01:28:18]} {[%emt 00:01:44]} 15. Nxe6 {[%clk 01:30:50]} fxe6 {[%emt 00:00:43]}
16. exd6 {[%clk 01:30:36]} cxd6 {[%clk 01:28:27]} {[%emt 00:00:16]} 17. Bxd6
{[%clk 01:30:45]} {[%emt 00:00:20]} Kh8 {[%clk 01:28:14]} {[%emt 00:00:46]} 18.
Bxe7 {[%clk 01:30:51]} {[%emt 00:00:21]} Nxe7 {[%clk 01:28:34]} {[%emt
00:00:10]} 19. Bxe6 {[%clk 01:30:23]} {[%emt 00:00:59]} Qc7 {[%clk 01:28:10]}
{[%emt 00:01:01]} 20. Rxd8 {[%clk 01:30:24]} {[%emt 00:00:18]} Rxd8 {[%clk
01:28:30]} {[%emt 00:02:45]} 21. g3 {[%clk 01:29:26]} Qb6 {[%clk 01:28:15]} 22.
Bb3 {[%clk 01:28:04]} {[%emt 00:04:06]} Nc6 {[%clk 01:28:11]} 23. Rd1 {[%clk
01:26:32]} Rf8 {[%clk 01:28:12]} {[%emt 00:04:38]} 24. Qe4 {[%clk 01:24:44]}
Qc5 {[%clk 01:24:01]} {[%emt 00:03:09]} 25. Bc2 {[%clk 01:22:20]} {[%emt
00:02:45]} Kg8 {[%clk 01:18:21]} {[%emt 00:05:59]} 26. Rd7 {[%clk 01:20:09]}
{[%emt 00:02:45]} Ne7 {[%clk 01:10:45]} {[%emt 00:08:12]} 27. Rxe7 {[%clk
01:19:34]} {[%emt 00:01:08]} Qxe7 {[%clk 01:08:50]} {[%emt 00:02:48]} 28. Qxe7
{[%clk 01:19:54]} Rxf3 {[%clk 01:09:15]} {[%emt 00:00:07]} 29. Qe8+ {[%clk
01:20:15]} Rf8 {[%clk 01:09:32]} 30. Bh7+ {[%clk 01:20:40]} {[%emt 00:00:15]}
Kxh7 {[%clk 01:09:47]} {[%emt 00:00:20]} 31. Qxf8 {[%clk 01:21:01]} {[%emt
00:00:05]} Kg6 {[%clk 01:10:08]} 32. Qc8 {[%clk 01:20:59]} {[%emt 00:01:02]} b5
{[%clk 01:10:27]} 33. Qxa6+ {[%clk 01:21:21]} {[%emt 00:00:03]} Kh7 {[%clk
01:10:53]} 34. Qxb5 {[%clk 01:21:27]} {[%emt 00:00:27]} g6 {[%emt 00:00:28]}
35. Qd7+ Kg8 {[%clk 01:10:53]} 36. a4 {[%emt 00:00:27]} g5 {[%clk 01:11:08]}
37. a5 {[%clk 01:22:03]} h5 {[%clk 01:11:30]} {[%emt 00:00:07]} 38. a6 {[%clk
01:22:05]} {[%emt 00:00:25]} h4 {[%clk 01:11:55]} {[%emt 00:00:09]} 39. g4
{[%clk 01:22:33]} h3 {[%clk 01:12:16]} {[%emt 00:00:27]} 40. a7 {[%clk
01:22:59]} Kf8 {[%clk 01:12:33]} 41. a8=Q# {[%clk 01:22:46]} {[%emt 00:00:09]}
1-0

[Event "DVM U12 2020"]
[Site "Magdeburg GER"]
[Date "2021.08.07"]
[Round "5"]
[White "Marrufo, Emilia"]
[Black "Dammasch, Marlon"]
[Result "1/2-1/2"]
[Termination "normal"]
[Board "9.3"]
[WhiteElo "898"]
[BlackElo "860"]
[WhiteTeam "SV Werder Bremen"]
[BlackTeam "SV Vimbuch"]
[PlyCount "52"]
[WhiteFideId "16287363"]
[BlackFideId "34608346"]
[EventCountry "GER"]
[EventRounds "7"]
[EventType "team-swiss"]
[EventDate "2021.08.04"]

1. d4 d5 2. Bf4 e6 3. e3 h5 4. Nf3 Nc6 5. c3 Be7 6. Bd3 g5 7. Be5 f6 8. Bg6+
Kd7 9. Bg3 h4 10. Be5 fxe5 11. dxe5 b6 12. e4 Rh6 13. Bf7 Qf8 14. exd5 exd5 15.
Qxd5+ Bd6 16. exd6 Rxd6 17. Qf5+ Ke7 18. Qe4+ Kxf7 19. Nxg5+ Kg7 20. Qh7+ Kf6
21. Ne4+ Ke6 22. Nxd6 Kxd6 23. Nd2 Nce7 24. Ne4+ Kc6 25. Ng5 Bf5 26. Qxh4 Kb7
1/2-1/2

[Event "DVM U12 2020"]
[Site "Magdeburg GER"]
[Date "2021.08.07"]
[Round "5"]
[White "Puchas, Tobias"]
[Black "Plath, Erik"]
[Result "1-0"]
[Termination "normal"]
[Board "9.4"]
[WhiteElo "1011"]
[BlackElo "864"]
[WhiteClock "01:31:04"]
[BlackClock "01:32:59"]
[WhiteTeam "SV Vimbuch"]
[BlackTeam "SV Werder Bremen"]
[PlyCount "115"]
[WhiteFideId "16280440"]
[BlackFideId "34608206"]
[EventCountry "GER"]
[EventRounds "7"]
[EventType "team-swiss"]
[EventDate "2021.08.04"]

1. e4 {[%clk 01:30:53]} {[%emt 00:02:29]} e5 {[%clk 01:30:59]} 2. Nf3 {[%clk
01:31:13]} Nf6 {[%clk 01:31:26]} 3. Nxe5 {[%clk 01:31:22]} Nc6 {[%clk
01:31:55]} 4. Nf3 {[%clk 01:31:27]} Nxe4 {[%clk 01:32:21]} 5. Nc3 {[%clk
01:31:36]} Nf6 {[%clk 01:32:33]} 6. Bc4 {[%clk 01:31:12]} Bc5 {[%clk 01:32:59]}
7. d3 {[%clk 01:31:04]} {[%emt 00:00:07]} Qe7+ 8. Be3 {[%clk 01:31:04]} Bxe3 9.
fxe3 {[%clk 01:31:04]} Qxe3+ 10. Qe2 {[%clk 01:31:04]} Qxe2+ 11. Nxe2 {[%clk
01:31:04]} d5 12. Bb5 {[%clk 01:31:04]} a6 13. Ba4 {[%clk 01:31:04]} O-O 14.
O-O-O {[%clk 01:31:04]} b5 15. Bb3 {[%clk 01:31:04]} Re8 16. Nc3 {[%clk
01:31:04]} b4 17. Na4 {[%clk 01:31:04]} Bg4 18. Rdg1 {[%clk 01:31:04]} Ne5 19.
Nxe5 {[%clk 01:31:04]} Rxe5 20. h3 {[%clk 01:31:04]} Bd7 21. g4 {[%clk
01:31:04]} Bc6 22. d4 {[%clk 01:31:04]} Re4 23. g5 {[%clk 01:31:04]} Nd7 24. h4
{[%clk 01:31:04]} g6 25. h5 {[%clk 01:31:04]} gxh5 26. Rxh5 {[%clk 01:31:04]}
Kh8 27. Rgh1 {[%clk 01:31:04]} Nf8 28. Nc5 {[%clk 01:31:04]} Rxd4 29. Nd3
{[%clk 01:31:04]} Re4 30. Nf2 {[%clk 01:31:04]} Rf4 31. R1h2 {[%clk 01:31:04]}
Re8 32. Rh6 {[%clk 01:31:04]} Bb5 33. c3 {[%clk 01:31:04]} Re2 34. Ng4 {[%clk
01:31:04]} Rxh2 35. Nxh2 {[%clk 01:31:04]} Ne6 36. Bc2 {[%clk 01:31:04]} Nxg5
37. Rh5 {[%clk 01:31:04]} Ne4 38. a4 {[%clk 01:31:04]} Be2 39. Rxd5 {[%clk
01:31:04]} bxc3 40. bxc3 {[%clk 01:31:04]} Nxc3 41. Rd8+ {[%clk 01:31:04]} Kg7
42. Kd2 {[%clk 01:31:04]} Rf2 43. Kxc3 {[%clk 01:31:04]} Rxh2 44. Rd2 {[%clk
01:31:04]} f5 45. Bd3 {[%clk 01:31:04]} h5 46. Rxe2 {[%clk 01:31:04]} Rxe2 47.
Bxe2 {[%clk 01:31:04]} h4 48. Bf1 {[%clk 01:31:04]} Kg6 49. Kd2 {[%clk
01:31:04]} Kg5 50. Ke2 {[%clk 01:31:04]} Kg4 51. Kf2 {[%clk 01:31:04]} h3 52.
Kg1 {[%clk 01:31:04]} Kg3 53. Bxa6 {[%clk 01:31:04]} h2+ 54. Kh1 {[%clk
01:31:04]} f4 55. Bc4 {[%clk 01:31:04]} f3 56. a5 {[%clk 01:31:04]} f2 57. a6
{[%clk 01:31:04]} Kf4 58. a7 {[%clk 01:31:04]} 1-0

[Event "DVM U12 2020"]
[Site "Magdeburg GER"]
[Date "2021.08.07"]
[Round "6"]
[White "Fruth, David"]
[Black "Rudolph, Alexander"]
[Result "0-1"]
[Termination "normal"]
[Board "1.2"]
[WhiteElo "1749"]
[BlackElo "1352"]
[WhiteClock "01:11:24"]
[BlackClock "00:46:38"]
[WhiteTeam "USV TU Dresden"]
[BlackTeam "SK Tarrasch 1945 München"]
[PlyCount "80"]
[WhiteFideId "16257596"]
[BlackFideId "16275748"]
[EventCountry "GER"]
[EventRounds "7"]
[EventType "team-swiss"]
[EventDate "2021.08.04"]

1. e4 {[%clk 01:30:59]} c5 {[%clk 01:30:41]} 2. Nf3 {[%clk 01:31:25]} e6 {[%clk
01:30:47]} 3. d4 {[%clk 01:31:48]} cxd4 {[%clk 01:30:29]} 4. Nxd4 {[%clk
01:32:11]} a6 {[%clk 01:30:25]} 5. Be3 {[%clk 01:32:27]} Nf6 {[%clk 01:30:29]}
6. Nc3 {[%clk 01:32:13]} Bb4 {[%clk 01:29:19]} 7. f3 {[%clk 01:31:24]} Qc7
{[%clk 01:28:28]} {[%emt 00:01:30]} 8. Nde2 {[%clk 01:30:58]} d5 {[%clk
01:27:26]} {[%emt 00:04:29]} 9. exd5 {[%clk 01:31:04]} Nxd5 {[%clk 01:26:42]}
10. Qd4 {[%clk 01:30:33]} O-O {[%clk 01:25:42]} 11. Bd2 {[%clk 01:29:07]}
{[%emt 00:01:58]} Nc6 {[%clk 01:19:42]} {[%emt 00:12:50]} 12. Nxd5 {[%clk
01:29:14]} exd5 {[%clk 01:16:08]} 13. Qe3 {[%clk 01:27:49]} Bf5 {[%clk
01:07:58]} {[%emt 00:15:20]} 14. c3 {[%clk 01:25:55]} d4 {[%clk 01:06:27]} 15.
Qg5 {[%clk 01:24:35]} Bg6 {[%clk 01:02:48]} {[%emt 00:43:37]} 16. cxb4 {[%clk
01:22:19]} d3 {[%clk 00:57:01]} 17. Qf4 {[%clk 01:22:23]} Qe7 {[%clk 00:53:55]}
18. Qg5 {[%clk 01:20:08]} Qxg5 {[%clk 00:52:44]} 19. Bxg5 {[%clk 01:20:35]}
dxe2 {[%clk 00:53:04]} 20. Bxe2 {[%clk 01:20:39]} f6 {[%clk 00:52:29]} 21. Bd2
{[%clk 01:20:58]} Nd4 {[%clk 00:52:24]} 22. Bc4+ {[%clk 01:20:20]} Kh8 {[%clk
00:52:19]} 23. O-O {[%clk 01:19:23]} b5 {[%clk 00:51:58]} 24. Bd5 {[%clk
01:18:34]} Rad8 {[%clk 00:52:02]} 25. Be4 {[%clk 01:16:21]} Bxe4 {[%clk
00:52:17]} 26. fxe4 {[%clk 01:16:46]} Ne2+ {[%clk 00:52:17]} 27. Kf2 {[%clk
01:17:11]} Rxd2 {[%clk 00:52:35]} 28. Ke3 {[%clk 01:17:34]} Rfd8 29. e5 {[%clk
01:16:52]} R8d3+ {[%clk 00:52:32]} 30. Ke4 {[%clk 01:17:12]} Nd4 {[%clk
00:49:55]} 31. Rac1 {[%clk 01:17:13]} f5+ {[%clk 00:48:49]} 32. Kf4 {[%clk
01:16:18]} Ne2+ {[%clk 00:49:13]} 33. Kxf5 {[%clk 01:16:40]} Nxc1 {[%clk
00:49:17]} 34. Rxc1 {[%clk 01:16:31]} {[%emt 00:09:19]} Rd8 {[%clk 00:48:40]}
35. Ke6 {[%clk 01:16:07]} h6 {[%clk 00:47:17]} 36. Rc7 {[%clk 01:15:39]} Re8+
{[%clk 00:46:19]} 37. Kf5 {[%clk 01:14:07]} Rd5 {[%clk 00:46:29]} 38. Kg6
{[%clk 01:11:51]} {[%emt 00:05:31]} Rdxe5 {[%clk 00:46:48]} 39. Kf7 {[%clk
01:12:09]} R8e6 {[%clk 00:46:21]} 40. Kf8 {[%clk 01:11:24]} Rf6+ {[%clk
00:46:38]} 0-1

[Event "DVM U12 2020"]
[Site "Magdeburg GER"]
[Date "2021.08.07"]
[Round "6"]
[White "Lipinsky, Pierre"]
[Black "Espig, Nils"]
[Result "1-0"]
[Termination "normal"]
[Board "1.3"]
[WhiteElo "1418"]
[BlackElo "1601"]
[WhiteClock "00:44:05"]
[BlackClock "00:34:19"]
[WhiteTeam "SK Tarrasch 1945 München"]
[BlackTeam "USV TU Dresden"]
[PlyCount "73"]
[WhiteFideId "16206290"]
[BlackFideId "16236980"]
[EventCountry "GER"]
[EventRounds "7"]
[EventType "team-swiss"]
[EventDate "2021.08.04"]

1. d4 {[%clk 01:30:59]} d5 {[%clk 01:30:55]} 2. Bf4 {[%clk 01:31:26]} {[%emt
00:10:02]} e6 {[%clk 01:31:05]} 3. e3 {[%clk 01:31:44]} c5 {[%clk 01:31:06]} 4.
Nc3 {[%clk 01:31:58]} Nf6 {[%clk 01:31:17]} 5. Nb5 {[%clk 01:32:02]} Na6 {[%clk
01:30:30]} 6. Nf3 {[%clk 01:30:30]} c4 {[%clk 01:29:47]} 7. c3 {[%clk
01:29:49]} Bd7 {[%clk 01:28:51]} 8. Nd6+ {[%clk 01:27:16]} {[%emt 00:08:48]}
Bxd6 {[%clk 01:29:15]} 9. Bxd6 {[%clk 01:27:36]} Ne4 {[%clk 01:27:41]} 10. Bf4
{[%clk 01:26:33]} O-O {[%clk 01:27:12]} 11. Be2 {[%clk 01:25:20]} {[%emt
00:00:05]} b5 {[%clk 01:26:48]} {[%emt 00:00:50]} 12. Nd2 {[%clk 01:23:37]}
{[%emt 00:06:15]} Nxd2 {[%clk 01:22:57]} {[%emt 00:00:31]} 13. Qxd2 {[%clk
01:24:00]} Nc7 {[%clk 01:22:39]} {[%emt 00:00:50]} 14. O-O {[%clk 01:23:29]}
{[%emt 00:00:56]} a5 {[%clk 01:21:33]} {[%emt 00:03:03]} 15. b3 {[%clk
01:22:19]} {[%emt 00:00:12]} cxb3 {[%clk 01:15:08]} {[%emt 00:28:11]} 16. axb3
{[%clk 01:21:35]} a4 {[%clk 01:07:38]} 17. b4 {[%clk 01:17:39]} Rc8 {[%clk
01:06:25]} 18. Bd3 {[%clk 01:14:50]} Na6 {[%clk 01:03:41]} {[%emt 00:00:38]}
19. Rfc1 {[%clk 01:11:52]} {[%emt 00:12:12]} Qb6 {[%clk 01:02:58]} 20. Qe2
{[%clk 01:08:52]} Qc6 {[%clk 00:59:27]} 21. Qh5 {[%clk 01:05:15]} {[%emt
00:12:58]} f5 {[%clk 00:55:18]} 22. Be5 {[%clk 00:57:15]} {[%emt 00:24:12]} Be8
{[%clk 00:51:42]} 23. Qg5 {[%clk 00:54:14]} Rf7 {[%clk 00:50:26]} 24. h4 {[%clk
00:51:40]} h6 {[%clk 00:48:18]} 25. Qg3 {[%clk 00:49:48]} {[%emt 00:00:04]}
Nxb4 {[%clk 00:46:34]} 26. cxb4 {[%clk 00:49:29]} {[%emt 00:21:41]} Qxc1+
{[%clk 00:46:46]} 27. Rxc1 {[%clk 00:49:37]} Rxc1+ {[%clk 00:47:11]} 28. Kh2
{[%clk 00:49:42]} a3 {[%clk 00:47:33]} 29. Bxg7 {[%clk 00:47:14]} {[%emt
00:00:05]} Rxg7 {[%clk 00:46:26]} 30. Qb8 {[%clk 00:47:20]} a2 {[%clk
00:35:34]} 31. Qxe8+ {[%clk 00:47:13]} Kh7 {[%clk 00:36:00]} {[%emt 00:00:05]}
32. Qxe6 {[%clk 00:46:01]} Rh1+ {[%clk 00:33:53]} {[%emt 00:01:18]} 33. Kxh1
{[%clk 00:44:05]} {[%emt 00:36:30]} a1=Q+ {[%clk 00:34:15]} 34. Kh2 {[%clk
00:44:28]} Qa8 {[%clk 00:33:46]} 35. Bxf5+ {[%clk 00:44:09]} Kh8 {[%clk
00:33:57]} 36. Qxh6+ {[%clk 00:43:55]} {[%emt 00:16:44]} Kg8 {[%clk 00:34:19]}
37. Be6+ {[%clk 00:44:05]} 1-0

[Event "DVM U12 2020"]
[Site "Magdeburg GER"]
[Date "2021.08.07"]
[Round "6"]
[White "Schmidt, Frederick"]
[Black "Daugavet, Roman"]
[Result "1-0"]
[Termination "normal"]
[Board "1.4"]
[WhiteElo "1208"]
[BlackElo "1182"]
[WhiteClock "00:45:10"]
[BlackClock "01:03:22"]
[WhiteTeam "USV TU Dresden"]
[BlackTeam "SK Tarrasch 1945 München"]
[PlyCount "87"]
[WhiteFideId "34608176"]
[BlackFideId "34608338"]
[EventCountry "GER"]
[EventRounds "7"]
[EventType "team-swiss"]
[EventDate "2021.08.04"]

1. e4 {[%clk 01:30:58]} e5 {[%clk 01:30:56]} 2. Nf3 {[%clk 01:31:22]} Nc6
{[%clk 01:31:16]} {[%emt 00:00:40]} 3. Bc4 {[%clk 01:31:43]} Bc5 {[%clk
01:31:36]} 4. Nc3 {[%clk 01:31:45]} {[%emt 00:01:25]} d6 {[%clk 01:31:56]} 5.
h3 {[%clk 01:32:01]} Nf6 {[%clk 01:32:21]} 6. d3 {[%clk 01:31:55]} h6 {[%clk
01:32:47]} 7. O-O {[%clk 01:32:14]} {[%emt 00:00:13]} O-O {[%clk 01:33:09]}
{[%emt 00:00:34]} 8. Be3 {[%clk 01:32:03]} Bb6 {[%clk 01:33:33]} {[%emt
00:00:41]} 9. d4 {[%clk 01:31:14]} {[%emt 00:00:57]} exd4 {[%clk 01:33:05]}
{[%emt 00:00:45]} 10. Bxd4 {[%clk 01:31:15]} {[%emt 00:00:35]} Ba5 {[%clk
01:33:03]} {[%emt 00:00:25]} 11. Re1 {[%clk 01:28:23]} {[%emt 00:03:23]} Re8
{[%clk 01:32:42]} {[%emt 00:02:51]} 12. e5 {[%clk 01:25:46]} {[%emt 00:14:09]}
dxe5 {[%clk 01:26:44]} 13. Nxe5 {[%clk 01:24:47]} Nxe5 {[%clk 01:22:08]} 14.
Rxe5 {[%clk 01:21:17]} {[%emt 00:06:23]} Rxe5 {[%emt 00:01:35]} 15. Bxe5 {[%clk
01:21:24]} Bf5 {[%clk 01:19:47]} 16. Bd3 {[%clk 01:18:35]} {[%emt 00:04:43]}
Bxd3 {[%clk 01:19:21]} 17. Qxd3 {[%clk 01:18:43]} Qxd3 {[%clk 01:19:27]} {[%emt
00:00:08]} 18. cxd3 {[%clk 01:18:56]} {[%emt 00:00:18]} Nd7 {[%clk 01:18:58]}
{[%emt 00:00:54]} 19. Bd4 {[%clk 01:17:15]} {[%emt 00:02:16]} Bb6 {[%clk
01:18:22]} {[%emt 00:05:08]} 20. Bxb6 {[%clk 01:15:18]} Nxb6 {[%clk 01:18:04]}
21. Re1 {[%clk 01:15:06]} Kf8 {[%clk 01:17:18]} {[%emt 00:01:04]} 22. f4 {[%clk
01:11:52]} {[%emt 00:05:51]} Rd8 {[%clk 01:15:59]} 23. Re3 {[%clk 01:10:10]}
{[%emt 00:06:01]} Rd4 {[%clk 01:06:48]} {[%emt 00:05:38]} 24. Nb5 {[%clk
01:04:02]} {[%emt 00:14:52]} Rb4 {[%clk 01:05:25]} 25. Nxc7 {[%clk 01:03:44]}
f6 {[%clk 01:05:13]} 26. b3 {[%clk 01:00:27]} Rxf4 {[%clk 01:04:52]} 27. Ne6+
{[%clk 00:58:00]} {[%emt 00:02:51]} Kf7 {[%clk 01:04:52]} {[%emt 00:00:54]} 28.
Nxf4 {[%clk 00:58:15]} g5 {[%clk 01:05:04]} {[%emt 00:00:06]} 29. Ne6 {[%clk
00:57:22]} {[%emt 00:01:16]} Nd5 {[%clk 01:05:12]} {[%emt 00:00:44]} 30. Re1
{[%clk 00:56:38]} {[%emt 00:01:28]} Nc3 {[%clk 01:05:05]} 31. a4 {[%clk
00:56:01]} {[%emt 00:02:04]} Nd5 {[%clk 01:04:49]} 32. g3 {[%clk 00:55:04]}
{[%emt 00:04:05]} Nb4 {[%clk 01:04:07]} 33. Nd8+ {[%clk 00:53:38]} {[%emt
00:00:19]} Kg6 {[%clk 01:04:14]} {[%emt 00:01:58]} 34. Rd1 {[%clk 00:52:28]}
{[%emt 00:00:06]} b6 {[%clk 01:04:34]} {[%emt 00:00:12]} 35. d4 {[%clk
00:51:33]} {[%emt 00:05:56]} Na2 {[%clk 01:04:41]} 36. d5 {[%clk 00:50:37]} Nc3
{[%clk 01:05:01]} 37. Rd3 {[%clk 00:48:28]} Ne2+ {[%clk 01:05:10]} {[%emt
00:01:59]} 38. Kf2 {[%clk 00:48:03]} Nc1 {[%clk 01:05:31]} 39. Rd1 {[%clk
00:46:39]} {[%emt 00:04:36]} Nxb3 {[%clk 01:04:12]} 40. d6 {[%clk 00:45:57]}
Nc5 {[%clk 01:03:30]} {[%emt 00:03:38]} 41. d7 {[%clk 00:45:15]} Nxd7 {[%clk
01:03:23]} 42. Rxd7 {[%clk 00:45:30]} a6 {[%clk 01:03:22]} {[%emt 00:00:16]}
43. Rb7 {[%clk 00:45:10]} {[%emt 00:00:33]} Kf5 {[%emt 00:01:49]} 44. Rxb6
{[%emt 00:00:09]} 1-0

[Event "DVM U12 2020"]
[Site "Magdeburg GER"]
[Date "2021.08.07"]
[Round "6"]
[White "Haubold, Sebastian Marcel"]
[Black "Krüger, Arthur"]
[Result "1/2-1/2"]
[Termination "normal"]
[Board "2.1"]
[WhiteElo "1813"]
[BlackElo "1643"]
[WhiteClock "00:26:06"]
[BlackClock "00:10:02"]
[WhiteTeam "SG Einheit Staßfurt"]
[BlackTeam "Hamburger SK von 1830 eV"]
[PlyCount "75"]
[WhiteFideId "16259637"]
[BlackFideId "16244966"]
[EventCountry "GER"]
[EventRounds "7"]
[EventType "team-swiss"]
[EventDate "2021.08.04"]

1. e4 {[%clk 01:30:57]} {[%emt 00:00:07]} e6 {[%clk 01:30:52]} 2. d4 {[%clk
01:31:23]} d5 {[%clk 01:31:18]} 3. Nd2 {[%clk 01:31:49]} c5 {[%clk 01:31:44]}
4. exd5 {[%clk 01:32:13]} {[%emt 00:00:05]} Qxd5 {[%clk 01:32:09]} 5. Ngf3
{[%clk 01:32:35]} {[%emt 00:14:27]} cxd4 {[%clk 01:32:29]} 6. Bc4 {[%clk
01:33:00]} Qd7 {[%clk 01:32:54]} 7. O-O {[%clk 01:32:41]} Nc6 {[%clk 01:33:07]}
{[%emt 00:00:09]} 8. Nb3 {[%clk 01:32:38]} a6 {[%clk 01:33:17]} 9. a4 {[%clk
01:31:01]} Nf6 {[%clk 01:27:16]} 10. Qe2 {[%clk 01:27:29]} {[%emt 00:00:30]}
Bd6 {[%clk 01:20:13]} {[%emt 00:18:08]} 11. Rd1 {[%clk 01:27:37]} O-O {[%clk
01:19:45]} 12. Nbxd4 {[%clk 01:27:07]} Nxd4 {[%clk 01:19:21]} 13. Nxd4 {[%clk
01:26:23]} e5 {[%clk 01:15:38]} 14. Nf3 {[%clk 01:22:04]} {[%emt 00:12:23]} Qc6
{[%clk 01:10:13]} 15. h3 {[%clk 01:17:00]} {[%emt 00:02:02]} Bf5 {[%clk
01:06:36]} {[%emt 00:10:30]} 16. Bg5 {[%clk 01:11:08]} {[%emt 00:00:05]} Rfe8
{[%clk 00:51:13]} {[%emt 00:34:06]} 17. Nh4 {[%clk 01:04:03]} Bg6 {[%clk
00:47:21]} 18. Nxg6 {[%clk 01:01:48]} hxg6 {[%clk 00:47:44]} 19. Qd3 {[%clk
00:58:00]} {[%emt 00:10:00]} Be7 {[%clk 00:41:16]} 20. Qb3 {[%clk 00:56:15]}
{[%emt 00:00:04]} Rf8 {[%clk 00:38:09]} {[%emt 00:07:12]} 21. Bxf6 {[%clk
00:48:42]} {[%emt 00:10:03]} Bxf6 {[%clk 00:33:15]} 22. Bd5 {[%clk 00:49:04]}
Qc7 {[%clk 00:20:03]} {[%emt 00:19:47]} 23. Qxb7 {[%clk 00:49:03]} Qxc2 {[%clk
00:19:47]} 24. Bxf7+ {[%clk 00:49:27]} Kh7 {[%clk 00:16:58]} 25. Bb3 {[%clk
00:34:54]} {[%emt 00:18:17]} Qf5 {[%clk 00:14:50]} 26. Qc6 {[%clk 00:27:42]}
{[%emt 00:05:36]} Bh4 {[%clk 00:11:53]} {[%emt 00:16:50]} 27. f3 {[%clk
00:27:35]} Rab8 {[%clk 00:09:52]} 28. Bc2 {[%clk 00:26:06]} Qg5 {[%clk
00:10:02]} 29. Rd6 Rf6 {[%clk 00:10:02]} 30. Rxf6 Qe3+ {[%clk 00:10:02]} 31.
Kh1 Bxf6 {[%clk 00:10:02]} 32. Qxa6 Rxb2 {[%clk 00:10:02]} 33. Qd3 Qg5 {[%clk
00:10:02]} 34. Qe4 Qg3 {[%clk 00:10:02]} 35. a5 Rxc2 {[%clk 00:10:02]} 36. Qxc2
e4 {[%clk 00:10:02]} 37. Rf1 Be5 {[%clk 00:10:02]} 38. f4 1/2-1/2